Cơ sở kỹ thuật nhiệt
Quyển sách trình bày các vấn đề về chuyển hóa năng lượng có liên quan đến nhiệt năng, nghiên cứu các quy luật về truyền nhiệt năng trong một vật hoặc giữa các vật có nhiệt độ khác nhau.
Gespeichert in:
| 1. Verfasser: | |
|---|---|
| Format: | Buch |
| Sprache: | Undetermined |
| Veröffentlicht: |
Hà Nội
Giáo Dục
1997
|
| Schlagworte: | |
| Tags: |
Tag hinzufügen
Keine Tags, Fügen Sie den ersten Tag hinzu!
|
| Thư viện lưu trữ: | Trung tâm Học liệu Trường Đại học Cần Thơ |
|---|
| LEADER | 00901nam a2200217Ia 4500 | ||
|---|---|---|---|
| 001 | CTU_29662 | ||
| 008 | 210402s9999 xx 000 0 und d | ||
| 020 | |c 8200 | ||
| 082 | |a 621.402 | ||
| 082 | |b D121 | ||
| 100 | |a Phạm, Lê Dần | ||
| 245 | 0 | |a Cơ sở kỹ thuật nhiệt | |
| 245 | 0 | |c Phạm Lê Dần, Đặng Quốc Phú | |
| 260 | |a Hà Nội | ||
| 260 | |b Giáo Dục | ||
| 260 | |c 1997 | ||
| 520 | |a Quyển sách trình bày các vấn đề về chuyển hóa năng lượng có liên quan đến nhiệt năng, nghiên cứu các quy luật về truyền nhiệt năng trong một vật hoặc giữa các vật có nhiệt độ khác nhau. | ||
| 650 | |a Heat,Heat engineering,Thermodynamics | ||
| 650 | |x Transmission | ||
| 904 | |i Minh | ||
| 980 | |a Trung tâm Học liệu Trường Đại học Cần Thơ | ||